000 00479nam a2200145Ia 4500
008 231129s1998||||xx |||||||||||||| ||spa||
020 _a958-20-0458-4
040 _bspa
082 _a370.11 R934c
100 _aRuiz Ruiz José Marí­a
245 0 _aCómo mejorar la institución educativa: Evaluación de la innovación y del cambio. Análisis de casos
260 _c1998
264 _aCooperativa Editorial Magisterio
942 _2ddc
_cBKS
999 _c7622
_d7622